| 000 | 00451nam a22001337a 4500 | ||
|---|---|---|---|
| 999 |
_c2061 _d2061 |
||
| 008 | 200212b ||||| |||| 00| 0 eng d | ||
| 100 |
_91656 _aForsthoffer, William E. |
||
| 245 | 1 | 0 |
_aForsthoffer's rotating equipment handbook: Auxiliary systems, Vol. 4 _c/ by William E. Forsthoffer |
| 260 |
_aOxford _bElsevier _c2005 |
||
| 300 | _axv,387p. | ||
| 490 | 0 |
_aForsthoffers rotating equipment handbooks _vVol. 4 |
|
| 650 | 0 | _aMachinery--Dynamics | |
| 942 | _cBK | ||